Govt. of
Madhya Pradesh

मध्‍य प्रदेश एक समग्र अध्‍ययन (Record no. 62360)

MARC details
000 -LEADER
fixed length control field 00478nam a22001577a 4500
003 - CONTROL NUMBER IDENTIFIER
control field macl
005 - DATE AND TIME OF LATEST TRANSACTION
control field 20200308170205.0
008 - FIXED-LENGTH DATA ELEMENTS--GENERAL INFORMATION
fixed length control field 200308b xxu||||| |||| 00| 0 eng d
040 ## - CATALOGING SOURCE
Transcribing agency macl
082 ## - DEWEY DECIMAL CLASSIFICATION NUMBER
Classification number 001
100 ## - MAIN ENTRY--PERSONAL NAME
Personal name महेश वर्णवाल
9 (RLIN) 78602
245 ## - TITLE STATEMENT
Title मध्‍य प्रदेश एक समग्र अध्‍ययन
260 ## - PUBLICATION, DISTRIBUTION, ETC. (IMPRINT)
Place of publication, distribution, etc. Delhi
Name of publisher, distributor, etc. Cosmos publication
650 ## - SUBJECT ADDED ENTRY--TOPICAL TERM
Topical term or geographic name as entry element सामान्‍य ज्ञान
9 (RLIN) 328
942 ## - ADDED ENTRY ELEMENTS (KOHA)
Source of classification or shelving scheme
Koha item type Hindi Books
Holdings
Withdrawn status Lost status Source of classification or shelving scheme Damaged status Not for loan Home library Current library Date acquired Cost, normal purchase price Total Checkouts Total Renewals Full call number Barcode Checked out Date last seen Date last checked out Price effective from Koha item type
          MACL MACL 08/03/2020 350.00 10   001 GCLC00361 26/09/2024 10/09/2024 10/09/2024 08/03/2020 Hindi Books
          MACL MACL 08/03/2020 350.00 4   001 GCLC00362   21/01/2026 18/01/2026 08/03/2020 Hindi Books
          MACL MACL 08/03/2020 350.00 7   001 GCLC00360   07/01/2024 27/12/2023 08/03/2020 Hindi Books